[Event "Niedersachsen-ch"]
[Site "Verden an der Aller"]
[Date "2020.01.03"]
[Round "4"]
[White "Renner, Kai"]
[Black "Stotyn, Fabian"]
[Result "1-0"]
[WhiteElo "2180"]
[BlackElo "2198"]
[PlyCount "65"]
[EventDate "2020.01.02"]
[EventType "swiss"]
[EventRounds "7"]
[EventCountry "GER"]
[SourceTitle "EXT 2021"]
[Source "ChessBase"]
[SourceDate "2020.10.23"]
[SourceVersion "1"]
[SourceVersionDate "2020.10.23"]
[SourceQuality "1"]

1. e4 e6 2. d4 d5 3. Nd2 Nf6 4. e5 Nfd7 5. f4 c5 6. c3 Nc6 7. Ndf3 cxd4 8. cxd4 Bb4+ 9. Kf2 f6 10. g3 fxe5 11. fxe5 0-0 12. Kg2 Nb6 13. Bd3 Be7 14. h4 Qe8 15. h5 Bd7 16. Bb1 Qf7 17. Bf4 Nc4 18. Bc1 Kh8 19. b3 Nb6 20. Be3 Rac8 21. g4 Qg8 22. Nh3 Rxf3 23. Qxf3 Nb4 24. Qe2 a6 25. a3 Nc6 26. Nf4 Be8 27. Ng6+ Bxg6 28. hxg6 h6 29. g5 Bxg5 30. Bxg5 Nxd4 31. Qe3 Nf5 32. Bxf5 exf5 33. Rxh6+ 1-0

[Event "Niedersachsen-ch"]
[Site "Verden an der Aller"]
[Date "2020.01.02"]
[Round "2"]
[White "Renner, Kai"]
[Black "Mueer, Sebastian"]
[Result "1/2-1/2"]
[WhiteElo "2180"]
[BlackElo "2212"]
[PlyCount "133"]
[EventDate "2020.01.02"]
[EventType "swiss"]
[EventRounds "7"]
[EventCountry "GER"]
[SourceTitle "EXT 2021"]
[Source "ChessBase"]
[SourceDate "2020.10.23"]
[SourceVersion "1"]
[SourceVersionDate "2020.10.23"]
[SourceQuality "1"]

1. e4 c5 2. Nf3 d6 3. d4 cxd4 4. Nxd4 Nf6 5. Nc3 a6 6. Be2 e6 7. 0-0 Be7 8. f4 Qc7 9. Be3 Nc6 10. Qe1 Nxd4 11. Bxd4 b5 12. a3 Bb7 13. Qg3 0-0 14. Rae1 Rad8 15. Kh1 Rfe8 16. Bd3 Rd7 17. e5 dxe5 18. Bxe5 Qd8 19. f5 Bd6 20. Qh4 Bxe5 21. Rxe5 Rd4 22. Qe1 Ng4 23. Re2 Qd6 24. Qg3 Qxg3 25. hxg3 e5 26. Be4 Bxe4 27. Nxe4 f6 28. Nf2 Nh6 29. c3 Nxf5 30. Kh2 Rd7 31. Ng4 Nd6 32. Rxf6 h5 33. Rxe5 Red8 34. Rxh5 gxf6 35. Nxf6+ Kf7 36. Nxd7 Rxd7 37. a4 Rb7 38. Rh7+ Ke6 39. Rxb7 Nxb7 40. axb5 axb5 41. g4 Nc5 42. Kg3 Ke5 43. Kf3 Na4 44. Ke3 Nxb2 45. g5 Nc4+ 46. Ke2 Nd6 47. g6 Nf5 48. Kd3 Kd5 49. g4 Ng7 50. Kc2 Kc4 51. Kb2 Ne6 52. Kc2 Kd5 53. Kb3 Kc5 54. Kb2 Ng7 55. Kb3 Ne8 56. Kb2 Nf6 57. g7 Ng8 58. Kb3 Ne7 59. Ka3 Kc4 60. Kb2 Ng8 61. Kc2 Nh6 62. Kb2 Kd5 63. Kb3 Kc5 64. Kb2 Ng8 65. Kb3 Ne7 66. Ka3 Kc6 67. Kb3 1/2-1/2

[Event "Bayern-chI Bank Hofmann 23rd"]
[Site "Tegernsee"]
[Date "2019.11.01"]
[Round "7"]
[White "Renner, Kai"]
[Black "Guttenthaler, Franz"]
[Result "1/2-1/2"]
[WhiteElo "2153"]
[BlackElo "2328"]
[PlyCount "32"]
[EventDate "2019.10.26"]
[EventType "swiss"]
[EventRounds "9"]
[EventCountry "GER"]
[SourceTitle "CBM 192 Extra"]
[Source "Chessbase"]
[SourceDate "2019.11.06"]
[SourceVersion "1"]
[SourceVersionDate "2019.11.06"]
[SourceQuality "1"]

1. e4 e6 2. d4 d5 3. Nd2 f5 4. exf5 exf5 5. Bd3 Nf6 6. Ndf3 Bd6 7. Ne2 0-0 8. 0-0 Ne4 9. c4 dxc4 10. Bxc4+ Kh8 11. Nc3 Nxc3 12. bxc3 Qf6 13. Ng5 Qg6 14. Qb3 h6 15. Nf7+ Kh7 16. Nxd6 cxd6 1/2-1/2

[Event "Langenhagen Summer op 1st"]
[Site "Langenhagen"]
[Date "2019.07.04"]
[Round "2"]
[White "Renner, Kai"]
[Black "Moeller, Jonas"]
[Result "1-0"]
[WhiteElo "2200"]
[BlackElo "1851"]
[PlyCount "69"]
[EventDate "2019.07.04"]
[EventType "swiss"]
[EventRounds "7"]
[EventCountry "GER"]
[SourceTitle "EXT 2020"]
[Source "ChessBase"]
[SourceDate "2019.10.17"]
[SourceVersion "1"]
[SourceVersionDate "2019.10.17"]
[SourceQuality "1"]

1. e4 e5 2. Nf3 Nc6 3. Bb5 a6 4. Ba4 Nf6 5. 0-0 Be7 6. Re1 b5 7. Bb3 0-0 8. d4 Nxd4 9. Bxf7+ Rxf7 10. Nxe5 Rf8 11. Qxd4 c5 12. Qd1 Qc7 13. Ng4 Bb7 14. Nc3 Nxg4 15. Qxg4 Rad8 16. Bg5 Bf6 17. Rad1 Qe5 18. Bf4 Qe6 19. Qxe6+ dxe6 20. Bd6 Rfe8 21. e5 Be7 22. Bxe7 Rxd1 23. Rxd1 Rxe7 24. f3 Kf7 25. Kf2 Kg6 26. a4 b4 27. Ne4 Kf5 28. Nxc5 Kxe5 29. Nd3+ Kd4 30. Nxb4+ Kc4 31. Nd3 e5 32. Re1 e4 33. fxe4 Bxe4 34. Kg1 Kd4 35. Nf2 1-0

[Event "Oberliga Nord W 1819"]
[Site "Germany"]
[Date "2019.03.24"]
[Round "8.4"]
[White "Renner, Kai"]
[Black "Steingraeber, Kai Uwe"]
[Result "1-0"]
[WhiteElo "2159"]
[BlackElo "2037"]
[PlyCount "71"]
[EventDate "2018.10.21"]
[EventType "team-tourn"]
[EventRounds "9"]
[EventCountry "GER"]
[SourceTitle "EXT 2020"]
[Source "ChessBase"]
[SourceDate "2019.10.17"]
[SourceVersion "1"]
[SourceVersionDate "2019.10.17"]
[SourceQuality "1"]
[WhiteTeam "Hameln"]
[BlackTeam "Delmenhorst"]
[WhiteTeamCountry "GER"]
[BlackTeamCountry "GER"]

1. e4 c6 2. d4 d5 3. Nd2 dxe4 4. Nxe4 Bf5 5. Ng3 Bg6 6. h4 h6 7. h5 Bh7 8. Nf3 e6 9. Bd3 Bxd3 10. Qxd3 Nf6 11. Bd2 c5 12. 0-0-0 Qb6 13. Ne4 Nxe4 14. Qxe4 cxd4 15. Nxd4 Be7 16. Be3 Bf6 17. f4 Nc6 18. g4 0-0-0 19. Nb3 Qb5 20. Bf2 Rxd1+ 21. Rxd1 Rd8 22. Rxd8+ Bxd8 23. c4 Qa4 24. Kb1 Bf6 25. Be3 Nb4 26. Qxb7+ Kxb7 27. Nc5+ Ka8 28. Nxa4 e5 29. g5 hxg5 30. fxg5 Be7 31. Nc3 f5 32. gxf6 gxf6 33. a3 Nc6 34. Nd5 f5 35. Nxe7 Nxe7 36. Bg5 1-0